00723 2200241 4500001002100000005001500021035002000036007000300056008004100059082002100100084002700121100002100148245007700169260005900246300002600305650001300331650001400344700001700358856003400375990002400409990002400433990002400457INLIS00000000000856320260625012254 a0010-0626000132ta260625 0 ind  a631.3:620.92:664 a631.3:620.92:664 PUR t0 aPURMIYANTI, Sri1 aTeknologi Inovatif Mekanisasi, Bioenergi, Dan Pengolahan Hasil Pertanian aJakarta :bBadan Penelitian Dan Pengembangan Pertanian a72p. :bIlus ;c23 cm 4aInovatif 4aBioenergi0 aJoko Purnomo aPerpustakaan BBRMP Jawa Timur a720/2026/BBRMPJATIM a721/2026/BBRMPJATIM a722/2026/BBRMPJATIM